Leave to appeal in Spath Holme (Record no. 64063)
[ view plain ]
| 000 -LEADER | |
|---|---|
| fixed length control field | 00614cam a2200169 4500 |
| 001 - CONTROL NUMBER | |
| control field | WB3627-32 |
| 008 - FIXED-LENGTH DATA ELEMENTS--GENERAL INFORMATION | |
| fixed length control field | 000000n2000 000 0 eng u |
| 035 ## - SYSTEM CONTROL NUMBER | |
| System control number | (Sirsi) u107139 |
| 245 ## - TITLE STATEMENT | |
| Title | Leave to appeal in Spath Holme |
| 260 ## - PUBLICATION, DISTRIBUTION, ETC. | |
| Date of publication, distribution, etc. | 2000 |
| 490 ## - SERIES STATEMENT | |
| Series statement | DETR News Release |
| Volume/sequential designation | (470) 11 July 2000, (2) |
| 520 ## - SUMMARY, ETC. | |
| Summary, etc. | Government has given leave to appeal to the House of Lords against the CA decision in Spath Holme which quashed an Order introduced in February 1999 to cap excessive increases in fair rents. |
| 650 ## - SUBJECT ADDED ENTRY--TOPICAL TERM | |
| Topical term or geographic name entry element | SPATH HOLME |
| 650 ## - SUBJECT ADDED ENTRY--TOPICAL TERM | |
| Topical term or geographic name entry element | FAIR RENTS |
| 690 ## - LOCAL SUBJECT ADDED ENTRY--TOPICAL TERM (OCLC, RLIN) | |
| Topical term or geographic name as entry element | PROPERTY-LANDLORD AND TENANT |
| 942 ## - ADDED ENTRY ELEMENTS (KOHA) | |
| Suppress in OPAC | 0 |
| Withdrawn status | Lost status | Source of classification or shelving scheme | Damaged status | Not for loan | Home library | Current library | Shelving location | Date acquired | Total Checkouts | Full call number | Barcode | Date last seen | Copy number | Price effective from | Koha item type |
|---|---|---|---|---|---|---|---|---|---|---|---|---|---|---|---|
| Dewey Decimal Classification | London | London | News article | 13/07/2000 | WB3627-32 | 107139-1001 | 06/08/2019 | 1 | 06/08/2019 | News article |